00390 a2200157 450000500170000001000130001702000260003003500130005603700090006908200060007810000200008424500540010426000370015827000140019530000230020920240627104550.0 aB-759938 a9789354712142c395.00 aB-759938 bGift aN aFunke, Cornelia aDragon Rider;bThe Aurelia Curse/cCornelia Funke aNew DelhibScholastic Inc.c2022 aNew Delhi a354 p.c19 cm(Pb)